<?xml version="1.0" encoding="UTF-8"?><?xml-stylesheet type="text/xsl" href="static/style.xsl"?><OAI-PMH xmlns="http://www.openarchives.org/OAI/2.0/" xmlns:xsi="http://www.w3.org/2001/XMLSchema-instance" xsi:schemaLocation="http://www.openarchives.org/OAI/2.0/ http://www.openarchives.org/OAI/2.0/OAI-PMH.xsd"><responseDate>2026-04-17T07:33:05Z</responseDate><request verb="GetRecord" identifier="oai:www.recercat.cat:10256/19301" metadataPrefix="marc">https://recercat.cat/oai/request</request><GetRecord><record><header><identifier>oai:recercat.cat:10256/19301</identifier><datestamp>2024-05-22T11:27:10Z</datestamp><setSpec>com_2072_452966</setSpec><setSpec>com_2072_2054</setSpec><setSpec>col_2072_452968</setSpec></header><metadata><record xmlns="http://www.loc.gov/MARC21/slim" xmlns:dcterms="http://purl.org/dc/terms/" xmlns:xsi="http://www.w3.org/2001/XMLSchema-instance" xmlns:doc="http://www.lyncode.com/xoai" xsi:schemaLocation="http://www.loc.gov/MARC21/slim http://www.loc.gov/standards/marcxml/schema/MARC21slim.xsd">
   <leader>00925njm 22002777a 4500</leader>
   <datafield ind2=" " ind1=" " tag="042">
      <subfield code="a">dc</subfield>
   </datafield>
   <datafield ind2=" " ind1=" " tag="720">
      <subfield code="a">Capó Sureda, Joana M.</subfield>
      <subfield code="e">author</subfield>
   </datafield>
   <datafield ind2=" " ind1=" " tag="260">
      <subfield code="c">2020-07-07</subfield>
   </datafield>
   <datafield ind2=" " ind1=" " tag="520">
      <subfield code="a">Motorincompetence in adolescence has a very direct association with physical inactivity&#xd;
and increased risk of injury. The aim of this study is focused in two parts: analyze&#xd;
Fundamental Motor Skills in teenagers and study the effects of an Integrative&#xd;
Neuromuscular Training program. In this way, we will answerthe hypothesis ofthe study&#xd;
evaluating if this type of program can improve the level in motor skills and sports&#xd;
performance in young people, in order to bring them to an active and healthy lifestyle.&#xd;
To carry out this project, data has been collected from a total of 58 studentsfrom 1r ESO&#xd;
in the high school Vall de Llémena, from a descriptive study, the level of motor&#xd;
competence is analyzed in relation to sex, age of maturity and their live style. The results&#xd;
indicate thatthe boys have betterlevels of Motor Competence than girls, also the period&#xd;
of growth development is determinant, because the students who are in pre-puberty&#xd;
stage show the bests results indicating that having an active live style is essential. From&#xd;
here it has been proposed the idea of introduce an Integrative Neuromuscular Training&#xd;
in the warm-up in order to evaluate the effects and contribute to correct and improve&#xd;
her motor skills</subfield>
   </datafield>
   <datafield ind2=" " ind1=" " tag="520">
      <subfield code="a">La incompetència motriu en l’adolescència té una associació molt directe pel que fa a la&#xd;
inactivitat física i l’augment dels riscs de lesions. L’objectiu general d’aquest estudi es&#xd;
centra amb dues parts: analitzar les Habilitats Motrius Bàsiques dels adolescents i&#xd;
estudiar els efectes d’un programa de Treball Neuromuscular Integrat. D’aquesta&#xd;
manera donarem resposta a la hipòtesi de l’estudi, valorant si aquest tipus de programa&#xd;
pot afavorir en la millora del nivell de les Habilitats Motrius i en el rendiment esportiu&#xd;
dels joves, per tal de poder portar-los a un estil de vida actiu i saludable. Per dur a terme&#xd;
aquest projecte, s’han recollit les dades d’un total de 58 alumnes del 1r cicle de&#xd;
secundària de l’Institut Vall de Llémena. A partir d’un estudi descriptiu,s’analitza el nivell&#xd;
de CM en relació amb el sexe, l’edat madurativa i el seu estil de vida. Els resultats&#xd;
obtinguts indiquen que, els nois presenten millors nivells de competència motriu que&#xd;
les noies, que el període de desenvolupament és determinant, ja que els alumnes que&#xd;
estan en l’etapa prepuberal mostren els millors resultats afegint també que portar un&#xd;
estil de vida actiu és essencial. A partir d’aquí es proposa la idea d’implementar un TNI&#xd;
dins l’escalfament d’Educació Física i així poder valorar els seus efectes i contribuir en&#xd;
rectificar i polir les seves Habilitats Motrius</subfield>
   </datafield>
   <datafield ind1="8" ind2=" " tag="024">
      <subfield code="a">http://hdl.handle.net/10256/19301</subfield>
   </datafield>
   <datafield tag="653" ind2=" " ind1=" ">
      <subfield code="a">Motricitat</subfield>
   </datafield>
   <datafield tag="653" ind2=" " ind1=" ">
      <subfield code="a">Motor ability</subfield>
   </datafield>
   <datafield tag="653" ind2=" " ind1=" ">
      <subfield code="a">Adolescents</subfield>
   </datafield>
   <datafield tag="653" ind2=" " ind1=" ">
      <subfield code="a">Teenagers</subfield>
   </datafield>
   <datafield tag="653" ind2=" " ind1=" ">
      <subfield code="a">Educació física</subfield>
   </datafield>
   <datafield tag="653" ind2=" " ind1=" ">
      <subfield code="a">Physical education and training</subfield>
   </datafield>
   <datafield tag="653" ind2=" " ind1=" ">
      <subfield code="a">Músculs</subfield>
   </datafield>
   <datafield tag="653" ind2=" " ind1=" ">
      <subfield code="a">Muscles</subfield>
   </datafield>
   <datafield tag="653" ind2=" " ind1=" ">
      <subfield code="a">Sistema nerviós</subfield>
   </datafield>
   <datafield tag="653" ind2=" " ind1=" ">
      <subfield code="a">Nervous system</subfield>
   </datafield>
   <datafield ind2="0" ind1="0" tag="245">
      <subfield code="a">Anàlisi de la competència motriu en els adolescents: millora a través d'un treball neuromuscular integrat</subfield>
   </datafield>
</record></metadata></record></GetRecord></OAI-PMH>